| 000 | 00622aas a2200181 4500 | ||
|---|---|---|---|
| 999 |
_c50162 _d50162 |
||
| 001 | 768714001 | ||
| 003 | CO-MdFUSB | ||
| 005 | 20170914162852.0 | ||
| 008 | 170914s1999 ag ||||| |||| 00| 0 spa d | ||
| 022 | _a0326-6737 | ||
| 040 |
_aCO-MdFUSB _bspa _cCO-MdFUSB _dCO-MdFUSB |
||
| 041 | _aspa | ||
| 100 | 1 |
_aPietrantonio, Ricardo _eautor |
|
| 245 | 1 | 0 |
_aLa colección de José María López y la reforma española del S. XVI _c/ Pietrantonio, Ricardo |
| 300 |
_aVolumen 18 (1999), páginas 225-229 _c: 23 cm. |
||
| 773 | 0 |
_tCuadernos de Teología _049404 _959703 _gVolumen 18 (1999), páginas 225-229 _qPágina 225 |
|
| 942 | _cANA | ||